000 00782nam a2200205 a 4500
001 000016998
005 20260304092050.0
008 100312s2004 dr 000 0 spa d
040 _aDO-SdBNP
_bspa
_cBNPHU
082 _axxx
_bS471f
111 2 _aSeminario internacional Sistemas de formación continua
_d(2004 may. :
_cSanto Domingo)
_937550
245 1 0 _aSistemas de formación continua /
_cpresentación Milagros Ortiz Bosch.
260 _aSanto Domingo :
_bSecretaría de Estado de Educación
_bINAFOCAM,
_c2004.
300 _a144 p. :
_bil. ; map. ;
_c27 cm.
490 1 _aSeminario
_v1
700 1 _aOrtiz Bosch, Milagros, 1936-
_epres.
_926797
710 2 _aInstituto Nacional Formación y Capacitación del Magisterio
_937551
830 0 _aSeminario
_n1
_937552
049 _aBNPD
999 _c16526
_d16526